Statistics for All 5-Letter Words Starting with “W”

Click here to take the quiz!

General Stats

  • This quiz has been taken 292 times
    (87 since last reset)
  • The average score is 138 of 313

Answer Stats

Word% Correct
walls
89%
wicks
89%
wills
89%
wells
88%
where
88%
wades
86%
wears
86%
weeds
86%
waste
84%
waves
84%
wakes
82%
winds
82%
walks
81%
wands
81%
wages
79%
warms
79%
whale
79%
white
79%
whose
79%
wings
79%
winks
79%
words
79%
works
79%
waits
77%
wards
77%
water
77%
wheel
77%
while
77%
wipes
77%
wants
75%
whine
75%
whips
75%
whole
75%
wider
75%
windy
75%
woods
75%
wools
75%
write
75%
wails
74%
wanes
74%
wares
74%
warts
74%
waver
74%
which
74%
w****
72%
wacks
72%
wacky
72%
weeks
72%
wines
72%
wiper
72%
waist
70%
watch
70%
waved
70%
wests
70%
wheat
70%
wires
70%
wiser
70%
would
70%
wrote
70%
wager
68%
weans
68%
weedy
68%
wides
68%
wives
68%
w****
67%
waded
67%
wader
67%
washy
67%
woody
67%
worms
67%
woven
67%
wally
65%
wasps
65%
wired
65%
wooly
65%
wreck
65%
wring
65%
wrist
65%
waged
63%
waken
63%
waker
63%
weals
63%
willy
63%
witch
63%
wordy
63%
worry
63%
waked
61%
warns
61%
weeps
61%
whats
61%
whens
61%
wifes
61%
wombs
61%
wains
60%
whoop
60%
wiped
60%
woman
60%
women
60%
woofs
60%
world
60%
waned
58%
watts
58%
weird
58%
whack
58%
whirl
58%
whisk
58%
whits
58%
wilds
58%
wined
58%
wared
56%
waxed
56%
waxes
56%
weave
56%
welly
56%
wised
56%
wonky
56%
wrong
56%
wales
54%
whist
54%
wilts
54%
wraps
54%
wafts
53%
whigs
53%
wimps
53%
wises
53%
woken
53%
wound
53%
warps
51%
warty
51%
weirs
51%
widen
51%
wirer
51%
wormy
51%
worst
51%
waxer
49%
weary
49%
webby
49%
weens
49%
welds
49%
wends
49%
whams
49%
wharf
49%
whiff
49%
whims
49%
woker
49%
welts
47%
wiggy
47%
wiles
47%
witty
47%
woops
47%
worse
47%
wrath
47%
waxen
46%
whets
46%
wites
46%
wolfs
46%
worth
46%
waltz
44%
weigh
44%
whirs
44%
whorl
44%
wisps
44%
worts
44%
wafer
42%
waifs
42%
wedge
42%
wimpy
42%
wingy
42%
wonks
42%
wrang
42%
warks
40%
whins
40%
whiny
40%
wrack
40%
wrens
40%
wrest
40%
wagon
39%
waive
39%
whelk
39%
winch
39%
wispy
39%
wists
39%
wrung
39%
whelp
37%
wheys
37%
wurst
37%
waled
35%
wavey
35%
wifey
35%
wiled
35%
wited
35%
wonts
35%
writs
35%
waspy
33%
whirr
33%
winos
33%
wiver
33%
woosh
33%
woozy
33%
waler
32%
weets
32%
whomp
32%
width
32%
wifed
32%
wight
32%
wowed
32%
waddy
30%
wairs
30%
wench
30%
whaps
30%
wheen
30%
wield
30%
wizen
30%
wooed
30%
walla
28%
wefts
28%
welsh
28%
whish
28%
whops
28%
wince
28%
wrick
28%
weepy
26%
whelm
26%
whipt
26%
whizz
26%
wived
26%
wadis
25%
weber
25%
weeny
25%
whity
25%
whort
25%
widow
25%
winey
25%
woopy
25%
wussy
25%
wasts
23%
withy
23%
wooer
23%
wacko
21%
wheep
21%
whids
21%
whump
21%
wicca
21%
wrapt
21%
wries
21%
waffs
19%
waney
19%
welch
19%
wheal
19%
whews
19%
whoof
19%
wikis
19%
withe
19%
wizes
19%
wolds
19%
walis
18%
waugh
18%
weest
18%
whamo
18%
wisha
18%
woads
18%
womby
18%
wreak
18%
wried
18%
wrier
18%
wryly
18%
wahoo
16%
wedgy
16%
wetly
16%
whang
16%
wauls
14%
wroth
14%
wacke
12%
wames
12%
weald
12%
whoso
12%
wifty
12%
wowee
12%
wauks
11%
whups
11%
widdy
11%
wilco
11%
wodge
11%
wyles
11%
walie
9%
wenny
9%
wetas
9%
womyn
9%
wryer
9%
wanly
7%
wecht
7%
witan
7%
woald
7%
wuddy
7%
wushu
7%
wyled
7%
wynds
7%
wytes
7%
warez
5%
wawls
5%
wedel
5%
whyda
5%
wigan
5%
woful
5%
wynns
5%
wyted
5%
wamus
4%
watap
4%
wazoo
4%
wekas
4%
whaup
4%
winze
4%
wirra
4%

Score Distribution

Percentile by Number Answered

Percent of People with Each Score

Your Score History

You have not taken this quiz since the last reset